000 00372nam a2200157Ia 4500
008 210716s1992 xx 000 0 und d
020 _a0884270610
041 _aeng
082 _a374.22 GOLE
100 _aGoldratt, Eliyahu M;Cox, Jeff.
245 _aGoal.
250 _a2
260 _aUSA
_bNorth River Press
_c1992
300 _a337
650 _aGeneral Management
999 _c200812
_d200812